[Event "Muensterland Verbandsliga 0203"]
[Site "Muensterland"]
[Date "2002.09.21"]
[Round "1.6"]
[White "Schindelmeiser, Frank"]
[Black "Waltermann, Jens"]
[Result "0-1"]
[WhiteElo "1854"]
[BlackElo "1805"]
[PlyCount "112"]
[EventDate "2002.09.21"]
[EventType "team"]
[EventRounds "9"]
[EventCountry "GER"]
[SourceTitle "EXT 2004"]
[Source "ChessBase"]
[SourceDate "2003.11.25"]
[SourceVersion "1"]
[SourceVersionDate "2003.11.25"]
[SourceQuality "1"]
[WhiteTeam "Telgte"]
[BlackTeam "Saerbeck Falke"]
[WhiteTeamCountry "GER"]
[BlackTeamCountry "GER"]

1. c4 Nf6 2. Nc3 g6 3. g3 Bg7 4. Bg2 0-0 5. e4 d6 6. d4 e5 7. Nge2 Nc6 8. d5 Ne7 9. 0-0 Nd7 10. Be3 h6 11. b4 f5 12. f3 Nf6 13. Kh1 g5 14. Qd2 f4 15. Bg1 Ng6 16. Rfc1 Rf7 17. Nb5 a6 18. Na3 Bf8 19. Rc2 h5 20. Rac1 h4 21. g4 Nxg4 22. c5 Ne3 23. Bxe3 fxe3 24. Qxe3 h3 25. Bf1 Nh4 26. Ng1 dxc5 27. bxc5 Qf6 28. Nc4 Bg7 29. Bxh3 Bxh3 30. Nxh3 Nxf3 31. Rf1 g4 32. Ng1 Raf8 33. Rcf2 Bh6 34. Qc3 Qh4 35. Nxf3 gxf3 36. Rxf3 Qxe4 37. Qxe5 Qxc4 38. Rxf7 Rxf7 39. Qe8+ Rf8 40. Qg6+ Bg7 41. Rxf8+ Kxf8 42. Qf5+ Kg8 43. Qe6+ Kh7 44. Qh3+ Kg6 45. Qg3+ Kf6 46. Qf3+ Ke5 47. Qh5+ Kd4 48. Qg4+ Kxc5 49. Qxg7 Qf1+ 50. Qg1+ Qxg1+ 51. Kxg1 Kxd5 52. Kf2 Ke4 53. Ke2 c5 54. Kd2 b5 55. Kc3 Kf4 56. a4 Kg4 0-1